[Event "Bad Zwesten op 10th"]
[Site "Bad Zwesten"]
[Date "2006.01.08"]
[Round "9"]
[White "Frank, Wolfgang"]
[Black "Fichte, Wolfgang"]
[Result "1/2-1/2"]
[WhiteElo "2157"]
[BlackElo "2028"]
[PlyCount "30"]
[EventDate "2006.01.02"]
[EventType "swiss"]
[EventRounds "9"]
[EventCountry "GER"]
[SourceTitle "CBM 110 Extra"]
[Source "ChessBase"]
[SourceDate "2006.03.10"]
[SourceVersion "2"]
[SourceVersionDate "2006.03.10"]
[SourceQuality "1"]

1. e4 e6 2. Nf3 d5 3. e5 c5 4. b4 a6 5. bxc5 Bxc5 6. d4 Be7 7. Bd3 Nc6 8. 0-0 b5 9. a3 Qb6 10. c3 Bd7 11. Be3 Na5 12. Ng5 Bxg5 13. Bxg5 Ne7 14. Bxe7 Kxe7 15. Qg4 Rag8 1/2-1/2

[Event "Bad Zwesten op 10th"]
[Site "Bad Zwesten"]
[Date "2006.01.06"]
[Round "7"]
[White "Halt, David"]
[Black "Frank, Wolfgang"]
[Result "1/2-1/2"]
[WhiteElo "1972"]
[BlackElo "2157"]
[PlyCount "34"]
[EventDate "2006.01.02"]
[EventType "swiss"]
[EventRounds "9"]
[EventCountry "GER"]
[SourceTitle "CBM 110 Extra"]
[Source "ChessBase"]
[SourceDate "2006.03.10"]
[SourceVersion "2"]
[SourceVersionDate "2006.03.10"]
[SourceQuality "1"]

1. e4 c5 2. Nc3 Nc6 3. g3 g6 4. Bg2 Bg7 5. d3 e6 6. f4 Nge7 7. Nf3 d5 8. e5 0-0 9. 0-0 a6 10. a4 Rb8 11. d4 cxd4 12. Nxd4 Nxd4 13. Qxd4 f6 14. exf6 Bxf6 15. Qd3 b5 16. axb5 axb5 17. Ne2 Nf5 1/2-1/2

[Event "Bad Zwesten op 9th"]
[Site "Bad Zwesten"]
[Date "2005.01.06"]
[Round "7"]
[White "Rafiee, Makan"]
[Black "Frank, Wolfgang"]
[Result "1/2-1/2"]
[WhiteElo "2012"]
[BlackElo "2188"]
[PlyCount "35"]
[EventDate "2005.01.02"]
[EventType "swiss"]
[EventRounds "9"]
[EventCountry "GER"]
[SourceTitle "CBM 104 Extra"]
[Source "ChessBase"]
[SourceDate "2005.03.01"]
[SourceVersion "1"]
[SourceVersionDate "2005.03.01"]
[SourceQuality "1"]

1. e4 Nf6 2. e5 Nd5 3. d4 d6 4. c4 Nb6 5. exd6 cxd6 6. d5 N8d7 7. Nf3 g6 8. Be3 Bg7 9. Nc3 Nf6 10. Be2 0-0 11. Rc1 Bg4 12. Nd4 Bxe2 13. Qxe2 Qc8 14. b3 Ng4 15. 0-0 Nxe3 16. fxe3 Nd7 17. Nf3 a6 18. Ne4 1/2-1/2

[Event "Bad Zwesten op 9th"]
[Site "Bad Zwesten"]
[Date "2005.01.04"]
[Round "4"]
[White "Frank, Wolfgang"]
[Black "Hermann, Manfred"]
[Result "0-1"]
[WhiteElo "2188"]
[BlackElo "2333"]
[PlyCount "46"]
[EventDate "2005.01.02"]
[EventType "swiss"]
[EventRounds "9"]
[EventCountry "GER"]
[SourceTitle "CBM 104 Extra"]
[Source "ChessBase"]
[SourceDate "2005.03.01"]
[SourceVersion "1"]
[SourceVersionDate "2005.03.01"]
[SourceQuality "1"]

1. e4 e5 2. Nf3 Nc6 3. Bb5 f5 4. Nc3 Nd4 5. exf5 Nf6 6. 0-0 c6 7. Bd3 d5 8. Nxe5 Bd6 9. Nf3 Nxf3+ 10. Qxf3 0-0 11. Ne2 Nd7 12. Ng3 Ne5 13. Qe2 Qh4 14. h3 Qf4 15. b3 Nxd3 16. Qxd3 Bxf5 17. Qe2 Rae8 18. Qd1 Bc5 19. Nxf5 Rxf5 20. Bb2 Bxf2+ 21. Kh1 Qg3 22. Rb1 Re6 23. Bd4 Rg6 0-1

[Event "Bad Zwesten op 7th"]
[Site "Bad Zwesten"]
[Date "2003.??.??"]
[Round "5"]
[White "Frank, Wolfgang"]
[Black "Henneberg, Inga"]
[Result "1/2-1/2"]
[WhiteElo "2209"]
[BlackElo "1759"]
[PlyCount "47"]
[EventDate "2003.01.02"]
[EventType "swiss"]
[EventRounds "9"]
[EventCountry "GER"]
[SourceTitle "CBM 092 Extra"]
[Source "ChessBase"]
[SourceDate "2003.03.07"]
[SourceVersion "1"]
[SourceVersionDate "2003.03.07"]
[SourceQuality "1"]

1. e4 d5 2. exd5 Qxd5 3. Nc3 Qa5 4. d4 c6 5. Bc4 Bf5 6. Bd2 e6 7. Qe2 Bb4 8. 0-0-0 Nf6 9. h3 Nd5 10. Nxd5 Bxd2+ 11. Qxd2 Qxd2+ 12. Rxd2 cxd5 13. Bb5+ Nd7 14. Nf3 0-0-0 15. Bxd7+ Rxd7 16. Ne5 Rc7 17. g4 Be4 18. f3 Bg6 19. Re1 Re8 20. h4 f6 21. Nd3 Bxd3 22. Rxd3 Kd7 23. Rde3 Kd6 24. f4 1/2-1/2

[Event "Bad Zwesten op 7th"]
[Site "Bad Zwesten"]
[Date "2003.??.??"]
[Round "4"]
[White "Kuhn, Ulf"]
[Black "Frank, Wolfgang"]
[Result "0-1"]
[WhiteElo "2035"]
[BlackElo "2209"]
[PlyCount "48"]
[EventDate "2003.01.02"]
[EventType "swiss"]
[EventRounds "9"]
[EventCountry "GER"]
[SourceTitle "CBM 092 Extra"]
[Source "ChessBase"]
[SourceDate "2003.03.07"]
[SourceVersion "1"]
[SourceVersionDate "2003.03.07"]
[SourceQuality "1"]

1. f4 d5 2. Nf3 Nf6 3. g3 Bg4 4. Bg2 c6 5. 0-0 Bxf3 6. Bxf3 Nbd7 7. d4 e6 8. e3 Bd6 9. b3 Qe7 10. a4 h5 11. h3 0-0-0 12. Ba3 Bxa3 13. Nxa3 g5 14. fxg5 Nh7 15. h4 f6 16. g6 Nhf8 17. Bxh5 Qg7 18. Qg4 Rh6 19. Kh2 f5 20. Qg5 Nf6 21. g4 Nxg4+ 22. Bxg4 Rxg6 23. Qh5 Rh6 24. Qg5 Qxg5 0-1

[Event "Bad Zwesten op 6th"]
[Site "Bad Zwesten"]
[Date "2002.01.08"]
[Round "7"]
[White "Frank, Wolfgang"]
[Black "Mensch, Etienne"]
[Result "1/2-1/2"]
[WhiteElo "2150"]
[BlackElo "2380"]
[PlyCount "120"]
[EventDate "2002.01.04"]
[EventType "swiss"]
[EventRounds "9"]
[EventCountry "GER"]
[SourceTitle "CBM 086 Extra"]
[Source "ChessBase"]
[SourceDate "2002.03.14"]
[SourceVersion "1"]
[SourceVersionDate "2002.03.14"]
[SourceQuality "1"]

1. e4 d6 2. d4 Nf6 3. Nc3 Nbd7 4. Nf3 e5 5. Bc4 Be7 6. 0-0 0-0 7. Re1 c6 8. a4 b6 9. h3 a6 10. d5 c5 11. Nh2 Ne8 12. Ng4 Bg5 13. Be3 g6 14. Bxg5 Qxg5 15. Qc1 Qe7 16. f4 h5 17. Nh2 exf4 18. Qxf4 Ne5 19. b3 Nf6 20. Bf1 Kg7 21. Nf3 Nfd7 22. Ng5 Nf6 23. Nf3 Re8 24. Rad1 Ra7 25. Nb1 Bd7 26. Na3 b5 27. axb5 axb5 28. Nxb5 Bxb5 29. Bxb5 Rb8 30. Nxe5 dxe5 31. Qf1 Rb6 32. Bd3 Ne8 33. Ra1 Rf6 34. Qe2 Rf4 35. Qe3 Rc7 36. Rf1 Qg5 37. Rxf4 exf4 38. Qf2 Qe5 39. Rf1 g5 40. Qf3 Kh6 41. h4 f6 42. Be2 Ng7 43. g3 Qd4+ 44. Kh1 Re7 45. Bd3 Nf5 46. hxg5+ fxg5 47. gxf4 g4 48. Qf2 Ne3 49. Re1 Nxd5 50. Qh4 Qf6 51. Qxf6+ Nxf6 52. e5 Nd5 53. Re4 h4 54. f5 Kg5 55. f6 Rf7 56. Bc4 Nxf6 57. exf6 Rxf6 58. Be6 g3 59. Re2 Kf4 60. Kg2 Rf8 1/2-1/2

[Event "Bad Zwesten op 6th"]
[Site "Bad Zwesten"]
[Date "2002.01.06"]
[Round "4"]
[White "Weissbeck, Wolf Dieter"]
[Black "Frank, Wolfgang"]
[Result "0-1"]
[WhiteElo "1768"]
[BlackElo "2150"]
[PlyCount "56"]
[EventDate "2002.01.04"]
[EventType "swiss"]
[EventRounds "9"]
[EventCountry "GER"]
[SourceTitle "CBM 086 Extra"]
[Source "ChessBase"]
[SourceDate "2002.03.14"]
[SourceVersion "1"]
[SourceVersionDate "2002.03.14"]
[SourceQuality "1"]

1. f4 d5 2. Nf3 Nf6 3. e3 Bg4 4. Be2 Bxf3 5. Bxf3 c6 6. b3 Nbd7 7. Bb2 Qc7 8. d4 e6 9. Qe2 h6 10. h4 Rg8 11. Rh3 g5 12. fxg5 hxg5 13. hxg5 Rxg5 14. Nd2 Qa5 15. Kf2 0-0-0 16. a3 Bd6 17. c4 Rdg8 18. c5 Bg3+ 19. Kg1 Qd8 20. b4 e5 21. Rxg3 Rxg3 22. dxe5 Nh7 23. b5 Qh4 24. bxc6 Rh3 25. cxd7+ Kd8 26. g4 Rxg4+ 27. Kf1 Rh1+ 28. Bxh1 Qxh1+ 0-1

[Event "Hessenliga 9900"]
[Site "Hessen"]
[Date "2000.04.02"]
[Round "9.3"]
[White "Frank, Wolfgang"]
[Black "Brauer, Volker"]
[Result "0-1"]
[WhiteElo "2177"]
[BlackElo "2154"]
[PlyCount "56"]
[EventDate "1999.09.26"]
[EventType "team"]
[EventRounds "11"]
[EventCountry "GER"]
[SourceTitle "EXT 2002"]
[Source "ChessBase"]
[SourceDate "2001.11.25"]
[SourceVersion "1"]
[SourceVersionDate "2001.11.25"]
[SourceQuality "1"]

1. e4 e5 2. Nf3 Nc6 3. Bb5 Nf6 4. 0-0 Bc5 5. c3 0-0 6. d4 Bb6 7. Bg5 d6 8. dxe5 Nxe5 9. Nxe5 dxe5 10. Nd2 c6 11. Bc4 h6 12. Bh4 Qe7 13. Qf3 g5 14. Bg3 Rd8 15. Qe2 Kg7 16. Kh1 Nh7 17. Nf3 f6 18. Rad1 Be6 19. h4 Nf8 20. hxg5 hxg5 21. Nxe5 fxe5 22. Bxe5+ Kg8 23. Qh5 Bxc4 24. Qh8+ Kf7 25. f4 Ke8 26. Bg7 Bxf1 27. Bxf8 Qxf8 28. Qh5+ Ke7 0-1

[Event "Bad Zwesten op 4th"]
[Site "Bad Zwesten"]
[Date "2000.01.13"]
[Round "6"]
[White "Richter, Goetz"]
[Black "Frank, Wolfgang"]
[Result "1/2-1/2"]
[WhiteElo "2099"]
[BlackElo "2177"]
[PlyCount "88"]
[EventDate "2000.01.??"]
[EventType "swiss"]
[EventRounds "9"]
[EventCountry "GER"]
[SourceTitle "EXT 2001"]
[Source "ChessBase"]
[SourceDate "2000.11.22"]
[SourceVersion "1"]
[SourceVersionDate "2000.11.22"]
[SourceQuality "1"]

1. e4 Nf6 2. e5 Nd5 3. d4 d6 4. c4 Nb6 5. exd6 cxd6 6. Be3 g6 7. Nc3 Bg7 8. a4 0-0 9. a5 N6d7 10. Ra3 e5 11. Nf3 Nc6 12. d5 Ne7 13. Nb5 e4 14. Nd2 Nf5 15. Bf4 Bxb2 16. Ra2 Be5 17. Bxe5 Nxe5 18. Nxe4 a6 19. Nbc3 Re8 20. Be2 Ng7 21. 0-0 f5 22. Nd2 Qf6 23. Qb3 Nd7 24. Qb4 g5 25. Nb3 f4 26. Bd3 f3 27. Ne4 Qf4 28. g3 Qg4 29. Re1 Nf5 30. Raa1 Qh3 31. Bf1 Qh6 32. Qd2 Rxe4 33. Rxe4 Nf6 34. Rae1 Nxe4 35. Rxe4 Bd7 36. h4 gxh4 37. Rg4+ Kf8 38. Qxh6+ Nxh6 39. Rxh4 Kg7 40. Rf4 Rf8 41. Rxf8 Kxf8 42. Nd4 Bg4 43. Bd3 Nf7 44. Nc2 Ne5 1/2-1/2

[Event "Bad Zwesten op 4th"]
[Site "Bad Zwesten"]
[Date "2000.01.05"]
[Round "1"]
[White "Frank, Wolfgang"]
[Black "Krischak, Werner"]
[Result "1/2-1/2"]
[WhiteElo "2177"]
[BlackElo "1691"]
[PlyCount "34"]
[EventDate "2000.01.??"]
[EventType "swiss"]
[EventRounds "9"]
[EventCountry "GER"]
[SourceTitle "EXT 2001"]
[Source "ChessBase"]
[SourceDate "2000.11.22"]
[SourceVersion "1"]
[SourceVersionDate "2000.11.22"]
[SourceQuality "1"]

1. e4 c6 2. d4 d5 3. e5 Bf5 4. h4 h6 5. g4 Be4 6. f3 Bh7 7. e6 Qd6 8. exf7+ Kxf7 9. Bd3 Bxd3 10. Qxd3 Nd7 11. Kf2 e5 12. Ne2 Re8 13. Nbc3 Qe6 14. dxe5 Bc5+ 15. Kg2 Nxe5 16. Qd2 Nf6 17. Nd4 Qd7 1/2-1/2

[Event "Bad Zwesten op 4th"]
[Site "Bad Zwesten"]
[Date "2000.01.03"]
[Round "2"]
[White "Simon, Goetz Jochen"]
[Black "Frank, Wolfgang"]
[Result "0-1"]
[WhiteElo "1645"]
[BlackElo "2177"]
[PlyCount "40"]
[EventDate "2000.01.??"]
[EventType "swiss"]
[EventRounds "9"]
[EventCountry "GER"]
[SourceTitle "EXT 2001"]
[Source "ChessBase"]
[SourceDate "2000.11.22"]
[SourceVersion "1"]
[SourceVersionDate "2000.11.22"]
[SourceQuality "1"]

1. e4 Nf6 2. Nc3 d5 3. e5 Nfd7 4. d4 e6 5. f4 c5 6. Nf3 Nc6 7. Be3 Qb6 8. Rb1 cxd4 9. Bxd4 Nxd4 10. Nxd4 f6 11. exf6 Nxf6 12. Bb5+ Kf7 13. Na4 Qa5+ 14. c3 a6 15. b4 Qc7 16. Bd3 b5 17. Nxb5 axb5 18. Bxb5 Qxf4 19. Bc6 Qe4+ 20. Kf1 Qc4+ 0-1

[Event "Bad Wildungen op"]
[Site "Bad Wildungen"]
[Date "1998.??.??"]
[Round "3"]
[White "Frank, Wolfgang"]
[Black "Kreiling, Carsten"]
[Result "1/2-1/2"]
[WhiteElo "2185"]
[BlackElo "2100"]
[PlyCount "44"]
[EventDate "1998.??.??"]
[EventType "swiss"]
[EventRounds "11"]
[EventCountry "GER"]
[SourceTitle "EXT 1999"]
[Source "ChessBase"]
[SourceDate "1998.11.16"]
[SourceVersion "1"]
[SourceVersionDate "1998.11.16"]
[SourceQuality "1"]

1. e4 c5 2. Nc3 Nc6 3. g3 g6 4. Bg2 Bg7 5. d3 d6 6. Be3 e6 7. Qd2 Qa5 8. Nf3 Nd4 9. 0-0 Ne7 10. Nh4 0-0 11. Nd5 Nec6 12. Qxa5 Nxa5 13. Ne7+ Kh8 14. Nxc8 Raxc8 15. c3 Nc2 16. Rac1 Nxe3 17. fxe3 Nc6 18. d4 Bh6 19. Rce1 Na5 20. Re2 b5 21. Bh3 Rcd8 22. Ng2 Nc4 1/2-1/2

[Event "Bad Zwesten op 2nd"]
[Site "Bad Zwesten"]
[Date "1998.??.??"]
[Round "4"]
[White "Glek, Igor Vladimirovich"]
[Black "Frank, Wolfgang"]
[Result "1-0"]
[WhiteElo "2505"]
[BlackElo "2190"]
[PlyCount "91"]
[EventDate "1998.01.02"]
[EventType "swiss"]
[EventRounds "7"]
[EventCountry "GER"]
[SourceTitle "EXT 2000"]
[Source "ChessBase"]
[SourceDate "1999.11.16"]
[SourceVersion "1"]
[SourceVersionDate "1999.11.16"]
[SourceQuality "1"]

1. e4 Nf6 2. e5 Nd5 3. d4 d6 4. Nf3 g6 5. Bc4 Nb6 6. Bb3 Bg7 7. a4 a5 8. Qe2 0-0 9. h3 Nc6 10. 0-0 dxe5 11. dxe5 Nd4 12. Nxd4 Qxd4 13. Re1 Be6 14. Nd2 Qd7 15. Nf3 Bxb3 16. cxb3 Nd5 17. Bd2 c6 18. Rac1 Qc7 19. Rc4 Qb6 20. Qd3 Rfd8 21. Qc2 Rd7 22. h4 e6 23. h5 Nb4 24. Bxb4 axb4 25. hxg6 hxg6 26. Qe4 c5 27. Qh4 Rad8 28. Kh2 Rd1 29. Re2 Rb1 30. Rxc5 Qxc5 31. Qxd8+ Bf8 32. Ng5 Qe7 33. Qxe7 Bxe7 34. Ne4 b6 35. Kg3 Kf8 36. Kf3 Rd1 37. Nd2 Bc5 38. Ke4 Ke7 39. Kd3 Rc1 40. Ne4 Rd1+ 41. Kc4 Rc1+ 42. Kb5 Bd4 43. f4 Rf1 44. g3 Rf3 45. Kxb4 g5 46. Kc4 1-0

[Event "Bad Wildungen op"]
[Site "Bad Wildungen"]
[Date "1998.??.??"]
[Round "10"]
[White "Rueger, Erhard"]
[Black "Frank, Wolfgang"]
[Result "1-0"]
[WhiteElo "2130"]
[BlackElo "2185"]
[PlyCount "78"]
[EventDate "1998.??.??"]
[EventType "swiss"]
[EventRounds "11"]
[EventCountry "GER"]
[SourceTitle "EXT 1999"]
[Source "ChessBase"]
[SourceDate "1998.11.16"]
[SourceVersion "1"]
[SourceVersionDate "1998.11.16"]
[SourceQuality "1"]

1. Nf3 f5 2. e4 fxe4 3. Ng5 Nf6 4. d3 e3 5. Bxe3 b6 6. d4 Bb7 7. Bd3 Bxg2 8. Nxh7 e6 9. Rg1 Bb7 10. Bg5 Qe7 11. Nc3 Kd8 12. Qe2 Kc8 13. 0-0-0 Qd6 14. Nxf8 Rxf8 15. Qe3 Nd5 16. Nxd5 Bxd5 17. Qg3 Qxg3 18. fxg3 Kb7 19. c4 Bf3 20. Rdf1 Nc6 21. Be3 e5 22. d5 Nb4 23. Bb1 Be2 24. Rxf8 Rxf8 25. a3 Na6 26. b3 d6 27. Kd2 Bf1 28. h4 b5 29. cxb5 Bxb5 30. b4 Nb8 31. g4 Nd7 32. g5 Bc4 33. Be4 Rh8 34. Rh1 a6 35. h5 Kc8 36. h6 gxh6 37. Rxh6 Rxh6 38. gxh6 Nf6 39. Bf5+ Kb7 1-0

[Event "Bad Wildungen op"]
[Site "Bad Wildungen"]
[Date "1998.??.??"]
[Round "8"]
[White "Schild, Christoph"]
[Black "Frank, Wolfgang"]
[Result "1/2-1/2"]
[WhiteElo "2195"]
[BlackElo "2185"]
[PlyCount "58"]
[EventDate "1998.??.??"]
[EventType "swiss"]
[EventRounds "11"]
[EventCountry "GER"]
[SourceTitle "EXT 1999"]
[Source "ChessBase"]
[SourceDate "1998.11.16"]
[SourceVersion "1"]
[SourceVersionDate "1998.11.16"]
[SourceQuality "1"]

1. Nf3 Nf6 2. c4 g6 3. b3 Bg7 4. Bb2 0-0 5. g3 d6 6. Bg2 c6 7. 0-0 Nbd7 8. Re1 Qc7 9. Nc3 e5 10. e4 Re8 11. d3 Nf8 12. d4 Bg4 13. d5 h5 14. h3 Bxf3 15. Qxf3 N8h7 16. Qe3 h4 17. dxc6 bxc6 18. c5 dxc5 19. Qxc5 hxg3 20. fxg3 Nh5 21. Kh2 Rad8 22. Rad1 Bf8 23. Qc4 Rd4 24. Qe2 Red8 25. Na4 Bb4 26. Rf1 Rxd1 27. Rxd1 Rxd1 28. Qxd1 Ng5 29. h4 Ne6 1/2-1/2

[Event "DLM U20"]
[Site "Templin"]
[Date "1997.??.??"]
[Round "?"]
[White "Breder, Dennis"]
[Black "Frank, Wolfgang"]
[Result "1/2-1/2"]
[WhiteElo "2155"]
[BlackElo "2190"]
[PlyCount "119"]
[EventDate "1997.11.15"]
[EventType "team-swiss"]
[EventRounds "7"]
[EventCountry "GER"]
[SourceTitle "EXT 2002"]
[Source "ChessBase"]
[SourceDate "2001.11.25"]
[SourceVersion "1"]
[SourceVersionDate "2001.11.25"]
[SourceQuality "1"]

1. e4 Nf6 2. Nc3 d5 3. e5 Nfd7 4. f4 e6 5. Nf3 c5 6. d4 Nc6 7. Be3 Qb6 8. Na4 Qa5+ 9. c3 cxd4 10. b4 Nxb4 11. cxb4 Bxb4+ 12. Bd2 Bxd2+ 13. Nxd2 b5 14. Nb2 0-0 15. Bd3 Qc3 16. Qb1 f6 17. Nd1 Qa5 18. Bxh7+ Kf7 19. Ke2 Ke7 20. Nf3 Qa4 21. Nb2 d3+ 22. Nxd3 Rh8 23. Nb4 f5 24. Ng5 Bb7 25. Bxf5 a5 26. Bxe6 Qxb4 27. Qxb4+ axb4 28. Bxd7 Kxd7 29. Nf3 Ra3 30. Nd4 Rha8 31. Rhb1 R8a4 32. Rb2 b3 33. axb3 Rxa1 34. bxa4 Rxa4 35. Ke3 Ra3+ 36. Rb3 b4 37. f5 Ba6 38. Kf4 Rxb3 39. Nxb3 Bc4 40. Nc5+ Kc6 41. Na4 Bd3 42. f6 gxf6 43. exf6 Bg6 44. Ke3 Bf7 45. Kd4 Kd6 46. Nc5 Bg6 47. g4 Bf7 48. h4 b3 49. Nxb3 Ke6 50. g5 Kf5 51. Nd2 Kf4 52. Nf1 Kg4 53. Ke5 d4 54. Nd2 d3 55. Ne4 Kxh4 56. Kf5 Kh5 57. Ng3+ Kh4 58. Nf1 Kh5 59. Ng3+ Kh4 60. Nf1 1/2-1/2